Retailing - dynamický faktor mezinárodního obchodu
Retailing - rozvíjajúca sa kategória obchodu. Ide o obchodnú činnosť bez vlastnej výroby, pričom má vplyv na výrobu. Organizačná koncentrácia retailingových firiem v Európe a USA. Veľké prevádzkové jednotky - podiel na obrate. Vzťah retailerov k výrobe. Zahraničná expanzia retailingu. Najvyššia zlož...
Salvato in:
| Autore principale: | |
|---|---|
| Natura: | Capitolo di libro |
| Lingua: | ceco |
| Soggetti: | |
| Tags: |
Nessun Tag, puoi essere il primo ad aggiungerne!!
|
MARC
| LEADER | 00000naa a2200000 4500 | ||
|---|---|---|---|
| 001 | r016251 | ||
| 005 | 20221205090736.8 | ||
| 041 | 0 | |a cze | |
| 044 | |a CZ | ||
| 245 | 1 | 0 | |a Retailing - dynamický faktor mezinárodního obchodu |c Jiří Jindra |
| 520 | |a Retailing - rozvíjajúca sa kategória obchodu. Ide o obchodnú činnosť bez vlastnej výroby, pričom má vplyv na výrobu. Organizačná koncentrácia retailingových firiem v Európe a USA. Veľké prevádzkové jednotky - podiel na obrate. Vzťah retailerov k výrobe. Zahraničná expanzia retailingu. Najvyššia zložka kooperácie obchodných firiem - nákupné centrály. | ||
| 610 | 2 | 0 | |a maloobchod |
| 610 | 2 | 0 | |a firmy |
| 610 | 2 | 0 | |a obchod |
| 610 | 2 | 0 | |a siete obchodné |
| 610 | 2 | 0 | |a filiálky |
| 610 | 2 | 0 | |a obchod zásielkový |
| 610 | 2 | 0 | |a kooperácia |
| 610 | 2 | 0 | |a západná Európa |
| 610 | 2 | 0 | |a USA |
| 610 | 2 | 0 | |a koncentrácia |
| 610 | 2 | 0 | |a výroba |
| 100 | 1 | |a Jindra, Jiří | |